[Event "Regionalliga Sued-West 1718"]
[Site "Bayern"]
[Date "2018.04.15"]
[Round "9.5"]
[White "Kuhn, Hubert"]
[Black "Gerhard, Alexander"]
[Result "1-0"]
[WhiteElo "1996"]
[BlackElo "1875"]
[PlyCount "63"]
[EventDate "2017.10.22"]
[EventType "team-tourn"]
[EventRounds "9"]
[EventCountry "GER"]
[SourceTitle "EXT 2022"]
[Source "ChessBase"]
[SourceDate "2021.10.06"]
[SourceVersion "1"]
[SourceVersionDate "2021.10.06"]
[SourceQuality "1"]
[WhiteTeam "Zugzwang MSA II"]
[BlackTeam "Mering"]
[WhiteTeamCountry "GER"]
[BlackTeamCountry "GER"]

1. Nf3 Nf6 2. g3 g6 3. Bg2 Bg7 4. d3 0-0 5. 0-0 d6 6. e4 Nbd7 7. c3 c6 8. a4 Qc7 9. Re1 b6 10. Na3 Bb7 11. Bd2 a6 12. Nh4 Rfe8 13. f4 e5 14. f5 d5 15. b4 Rad8 16. Qe2 c5 17. b5 c4 18. exd5 cxd3 19. Qxd3 Nc5 20. Qc4 a5 21. fxg6 hxg6 22. Bg5 Qd6 23. Rf1 Rc8 24. Bxf6 Bxf6 25. Qg4 Nb3 26. Rad1 Bg7 27. Nb1 Qc5+ 28. Kh1 Rcd8 29. Rxf7 Kxf7 30. Qxg6+ Kg8 31. Be4 Qd6 32. Qh7+ 1-0

[Event "Regionalliga SW 1617"]
[Site "Bayern"]
[Date "2017.01.15"]
[Round "4.5"]
[White "Fischer, Ernst1"]
[Black "Gerhard, Alexander"]
[Result "1/2-1/2"]
[WhiteElo "1846"]
[BlackElo "1894"]
[PlyCount "50"]
[EventDate "2016.10.16"]
[EventType "team-tourn"]
[EventRounds "9"]
[EventCountry "GER"]
[SourceTitle "EXT 2019"]
[Source "ChessBase"]
[SourceDate "2018.10.10"]
[SourceVersion "1"]
[SourceVersionDate "2018.10.10"]
[SourceQuality "1"]
[WhiteTeam "Krumbach"]
[BlackTeam "Mering"]
[WhiteTeamCountry "GER"]
[BlackTeamCountry "GER"]

1. e4 d6 2. d4 Nf6 3. Bd3 e5 4. c3 Be7 5. Nf3 Nbd7 6. 0-0 c6 7. Nbd2 0-0 8. a4 b6 9. b3 Bb7 10. Ba3 Re8 11. Nc4 Qc7 12. Qc2 Rac8 13. dxe5 Nxe5 14. Nfxe5 dxe5 15. Bxe7 Qxe7 16. f3 Rcd8 17. Rfd1 Nh5 18. Bf1 Nf4 19. g3 Ng6 20. Qf2 Bc8 21. Nb2 Be6 22. b4 Nf8 23. a5 b5 24. Rxd8 Rxd8 25. Rd1 Rxd1 1/2-1/2

[Event "Regionalliga SW 1617"]
[Site "Bayern"]
[Date "2016.11.20"]
[Round "2.3"]
[White "Gerhard, Alexander"]
[Black "Urankar, Hans Peter"]
[Result "0-1"]
[WhiteElo "1894"]
[BlackElo "2166"]
[PlyCount "102"]
[EventDate "2016.10.16"]
[EventType "team-tourn"]
[EventRounds "9"]
[EventCountry "GER"]
[SourceTitle "EXT 2019"]
[Source "ChessBase"]
[SourceDate "2018.10.10"]
[SourceVersion "1"]
[SourceVersionDate "2018.10.10"]
[SourceQuality "1"]
[WhiteTeam "Mering"]
[BlackTeam "Unterhaching"]
[WhiteTeamCountry "GER"]
[BlackTeamCountry "GER"]

1. d4 f5 2. g3 Nf6 3. Bg2 e6 4. Nf3 d5 5. 0-0 Bd6 6. c4 c6 7. b3 Qe7 8. Bb2 0-0 9. Qc1 b5 10. Nbd2 a5 11. Ne5 Bb7 12. Ndf3 Nbd7 13. Nxd7 Nxd7 14. Ne5 a4 15. Nxd7 Qxd7 16. c5 Bc7 17. b4 f4 18. Qc3 Rae8 19. Qd3 Qf7 20. Rad1 Bc8 21. Bf3 e5 22. dxe5 Bxe5 23. Bxe5 Rxe5 24. Qd4 Re7 25. a3 g5 26. gxf4 Qxf4 27. Qxf4 Rxf4 28. Rd2 Kg7 29. Bg2 Rc4 30. e3 Rc3 31. Ra1 Bf5 32. Bf1 Kf6 33. Be2 Re4 34. Kf1 Bh3+ 35. Ke1 Rh4 36. Rd4 Rxd4 37. exd4 Bf5 38. f3 h5 39. Kd2 Rb3 40. Ra2 Bb1 41. Ra1 Bf5 42. Ra2 g4 43. fxg4 hxg4 44. Ke1 Kg5 45. Bd1 Re3+ 46. Re2 Rxa3 47. Re7 Ra1 48. Kd2 Ra2+ 49. Ke3 Ra3+ 50. Kd2 Rh3 51. Rg7+ Kf4 0-1

[Event "Regionalliga SW 1617"]
[Site "Bayern"]
[Date "2016.10.16"]
[Round "1.5"]
[White "Lux, Werner"]
[Black "Gerhard, Alexander"]
[Result "0-1"]
[WhiteElo "1996"]
[BlackElo "1894"]
[PlyCount "56"]
[EventDate "2016.10.16"]
[EventType "team-tourn"]
[EventRounds "9"]
[EventCountry "GER"]
[SourceTitle "EXT 2019"]
[Source "ChessBase"]
[SourceDate "2018.10.10"]
[SourceVersion "1"]
[SourceVersionDate "2018.10.10"]
[SourceQuality "1"]
[WhiteTeam "Tuerkheim/Bad Woerishofen"]
[BlackTeam "Mering"]
[WhiteTeamCountry "GER"]
[BlackTeamCountry "GER"]

1. e4 d6 2. d4 Nf6 3. Bd3 e5 4. d5 Be7 5. Ne2 c6 6. c4 Nbd7 7. Nbc3 0-0 8. 0-0 Ne8 9. Ng3 g6 10. f4 exf4 11. Rxf4 Ne5 12. Kh1 Bg5 13. Rf1 Bxc1 14. Rxc1 Qh4 15. Be2 Nf6 16. Qe1 Nfg4 17. Bxg4 Nxg4 18. h3 Ne5 19. Rd1 Bg4 20. Rf4 Qh6 21. Rxg4 Nxg4 22. dxc6 bxc6 23. Rxd6 Ne5 24. b3 Rfd8 25. Rf6 Qd2 26. Qxd2 Rxd2 27. Rf1 Rad8 28. Nge2 Rc2 0-1

[Event "Regionalliga SW 1415"]
[Site "Bayern"]
[Date "2015.04.12"]
[Round "9.8"]
[White "Gerhard, Alexander"]
[Black "Huber, Stefan"]
[Result "1-0"]
[WhiteElo "1884"]
[BlackElo "1909"]
[PlyCount "40"]
[EventDate "2014.10.19"]
[EventType "team-tourn"]
[EventRounds "9"]
[EventCountry "GER"]
[SourceTitle "EXT 2018"]
[Source "ChessBase"]
[SourceDate "2017.10.13"]
[SourceVersion "1"]
[SourceVersionDate "2017.10.13"]
[SourceQuality "1"]
[WhiteTeam "Mering"]
[BlackTeam "MSA Zugzwang II"]
[WhiteTeamCountry "GER"]
[BlackTeamCountry "GER"]

1. d4 Nf6 2. Nf3 g6 3. c4 Bg7 4. Nc3 d5 5. cxd5 Nxd5 6. Qb3 Nb6 7. Bf4 0-0 8. e3 Be6 9. Qc2 Nc6 10. Be2 Nb4 11. Qd1 c5 12. 0-0 N4d5 13. Nxd5 Nxd5 14. Be5 f6 15. Bg3 Qa5 16. Bc4 cxd4 17. Nxd4 Bf7 18. Qb3 e5 19. Nb5 Rad8 20. Rfd1 Ne7 1-0

[Event "Regionalliga SW 1415"]
[Site "Bayern"]
[Date "2014.12.07"]
[Round "4.8"]
[White "Gerhard, Alexander"]
[Black "Riedel, Lutz"]
[Result "1/2-1/2"]
[WhiteElo "1884"]
[BlackElo "1892"]
[PlyCount "100"]
[EventDate "2014.10.19"]
[EventType "team-tourn"]
[EventRounds "9"]
[EventCountry "GER"]
[SourceTitle "EXT 2018"]
[Source "ChessBase"]
[SourceDate "2017.10.13"]
[SourceVersion "1"]
[SourceVersionDate "2017.10.13"]
[SourceQuality "1"]
[WhiteTeam "Mering"]
[BlackTeam "Krumbach"]
[WhiteTeamCountry "GER"]
[BlackTeamCountry "GER"]

1. d4 d5 2. Nf3 Nf6 3. c4 c6 4. Nc3 e6 5. g3 Be7 6. Bg2 0-0 7. 0-0 Nbd7 8. Re1 dxc4 9. a4 a5 10. e4 Nb6 11. Ne5 Nfd7 12. Bf4 Nxe5 13. Bxe5 Bb4 14. Rf1 Nd7 15. Bf4 e5 16. dxe5 Qe7 17. Qd4 Qe6 18. Rfd1 Bc5 19. Qd2 Nxe5 20. Be3 Qe7 21. Bxc5 Qxc5 22. Qd4 Nd7 23. Rac1 Qb4 24. Rd2 Nc5 25. Na2 Nb3 26. Nxb4 Nxd4 27. Rxd4 axb4 28. Rdxc4 Rxa4 29. b3 Ra7 30. Rxb4 Be6 31. Rb6 Rd8 32. f4 Kf8 33. Rc2 Ke7 34. Kf2 Rd3 35. Rb2 Kd8 36. Ke2 Rc3 37. f5 Bc8 38. Kd2 Rc5 39. Rb4 Kc7 40. Rd4 Ra1 41. Ke3 Re5 42. Kf4 f6 43. g4 c5 44. Rd3 Bd7 45. g5 Bc6 46. gxf6 gxf6 47. Rh3 Re7 48. Rh6 Rf7 49. Rc2 Rb1 50. Rxc5 Rxb3 1/2-1/2

[Event "Regionalliga SW 1314"]
[Site "Bayern"]
[Date "2014.03.16"]
[Round "8.8"]
[White "Gerhard, Alexander"]
[Black "Eisfeld, Klaus"]
[Result "1-0"]
[WhiteElo "1870"]
[BlackElo "1806"]
[PlyCount "99"]
[EventDate "2013.10.13"]
[EventType "team-tourn"]
[EventRounds "9"]
[EventCountry "GER"]
[SourceTitle "EXT 2015"]
[Source "ChessBase"]
[SourceDate "2014.11.20"]
[SourceVersion "1"]
[SourceVersionDate "2014.11.20"]
[SourceQuality "1"]
[WhiteTeam "Mering"]
[BlackTeam "Muenchen RTA"]
[WhiteTeamCountry "GER"]
[BlackTeamCountry "GER"]

1. d4 d5 2. Nf3 Nf6 3. g3 g6 4. Bg2 Bg7 5. 0-0 0-0 6. c4 c6 7. Nbd2 Nbd7 8. b3 Re8 9. Bb2 e5 10. Nxe5 Nxe5 11. dxe5 Ng4 12. cxd5 cxd5 13. Nf3 Nxe5 14. Nxe5 Bxe5 15. Bxe5 Rxe5 16. e3 Be6 17. Qd4 Rh5 18. Rfd1 Qb6 19. Qxb6 axb6 20. Rd4 Rc8 21. Rad1 Rc2 22. R4d2 Rc5 23. b4 Rc4 24. Rd4 Rxd4 25. Rxd4 Kf8 26. Bf3 Re5 27. Kf1 Ke7 28. Ke2 Kd6 29. Bg2 Rh5 30. h4 f5 31. Kd3 Ke5 32. f4+ Kd6 33. Kc3 Rh6 34. Rd3 g5 35. fxg5 Rg6 36. Bf3 Ke5 37. Kd2 Rg7 38. Ra3 Kd6 39. Kd3 h6 40. gxh6 Rh7 41. Ra7 Ke5 42. a4 Bc8 43. Ra8 Be6 44. Rb8 Kd6 45. Kd4 Kc7 46. Rf8 Rxh6 47. Bxd5 Bxd5 48. Kxd5 Rg6 49. Rxf5 Rxg3 50. e4 1-0